000 00361nam a2200145 a 4500
008 961022s1958||||xx 0 und c
040 _aSNK
_bslo
_cSNK
_eAACR2
100 1 _aKoval, Karel
245 1 0 _aMozart v Praze
_bHudební kronika let 1787-1791
260 _aPraha
_bMelantrich
_c1958
300 _a676 s.
020 _c35,60
044 _aCZ
041 _acze
999 _c15104
_d15104